00829aam a2200265 ia4500001001400000003000400014005001700018008004100035015001400076020002300090020002900113040002900142082001700171100002800188245005000216264006600266300004000332336002100372337002500393338002300418490003200441650003000473650002800503830003200531vtls000785814PNM20201118101743.0151006s2017 my a j 000 1 may  aM17-00955 a9789675602672qset a9789675602740qpaperback aBNMbengcBNMerdadPPAK04a899.23332230 aZubir Zakaria,eauthor.10aPADAH JIKA BERSIKAP PENGOTOR /cZubir Zakaria 1aSubang Jaya, Selangor :bFOCUS LEARNING PUBLICATIONS,c[2017] a32 pages :billustrations ;c26 cm. atext2rdacontent aunmediated2rdamedia avolume2rdacarrier1 aPekerti Mulia Budaya Bangsa10aChildren's stories, Malay20aDidactic fiction, Malay 0aPekerti mulia budaya bangsa